Procedimiento para la calibración de calibradores multifunción de inferior o igual exactitud al fluke 5520A utilizando el multimetro digital fluke 8508A como patrón de referencia para el Laboratorio Camerica S.A
Guardado en:
| Hovedforfatter: | |
|---|---|
| Andre forfattere: | |
| Format: | Bog |
| Sprog: | Spanish |
| Udgivet: |
[San José , Costa Rica]
2017
|
| Fag: | |
| Tags: |
Tilføj Tag
Ingen Tags, Vær først til at tagge denne postø!
|
MARC
| LEADER | 00000nam a22000007a 4500 | ||
|---|---|---|---|
| 003 | 012781 | ||
| 005 | 20230921110323.0 | ||
| 008 | 171107b2017 cr a|||| |m|| 00| ||spa d | ||
| 040 | |c cru CEDI | ||
| 090 | |a TFG 7932 | ||
| 100 | |9 1601 |a Gómez Valverde, Juan Rafael, 1981- | ||
| 245 | |a Procedimiento para la calibración de calibradores multifunción de inferior o igual exactitud al fluke 5520A utilizando el multimetro digital fluke 8508A como patrón de referencia para el Laboratorio Camerica S.A | ||
| 260 | |a [San José , Costa Rica] |c 2017 | ||
| 300 | |a 137 hojas; ilustraciones a color | ||
| 500 | |a Practica dirigida (licenciatura en ingeniería eléctrica)--Universidad de Costa Rica. Facultad de Ingeniería. Escuela de Ingeniería Eléctrica | ||
| 501 | |a Director de Práctica Dirigida de Graduación: Ing. Rolando Sancho Chaves | ||
| 650 | |x CALIBRACION |x CALIBRACION - PROGRAMAS PARA COMPUTADORA |x CALIBRACION - MODELOS MATEMATICOS |9 10236 | ||
| 700 | |9 1159 |a Sancho Chaves, Rolando |d Director del TFG | ||
| 942 | |c CEDI | ||
| 999 | |c 19169 |d 19169 | ||
